Central Library OPAC University of Rajshahi

My enemy's enemy / (Record no. 19007)

MARC details
000 -LEADER
fixed length control field 00601nam a2200217 a 4500
001 - CONTROL NUMBER
control field 19007
003 - CONTROL NUMBER IDENTIFIER
rucl marc code BD-RjUL
005 - DATE AND TIME OF LATEST TRANSACTION
control field 20211209000354.0
008 - FIXED-LENGTH DATA ELEMENTS--GENERAL INFORMATION
fixed length control field 140223s1962 enk 000 1 eng d
035 ## - SYSTEM CONTROL NUMBER
System control number CURL 030000007318(Gla) from mcbc163
-- (BD-RjUL)19065
040 ## - CATALOGING SOURCE
Original cataloging agency BD-RjUL
Language of cataloging eng
Transcribing agency BD-RjUL
Modifying agency BD-RjUL
041 ## - LANGUAGE CODE
Language code of text/sound track or separate title eng
082 ## - DEWEY DECIMAL CLASSIFICATION NUMBER
Classification number 823.91
Author mark and year AMM 1962
100 1# - MAIN ENTRY--PERSONAL NAME
Personal name Amis, Kingsley.
9 (RLIN) 58577
245 10 - TITLE STATEMENT
Title My enemy's enemy /
Statement of responsibility, etc. Kingsley Amis
260 ## - PUBLICATION, DISTRIBUTION, ETC. (IMPRINT)
Place of publication, distribution, etc. London :
Name of publisher, distributor, etc. Gollancz,
Date of publication, distribution, etc. c1962
300 ## - PHYSICAL DESCRIPTION
Pagination 224 p. :
Size 19 cm.
650 ## - SUBJECT ADDED ENTRY--TOPICAL TERM
Topical term or geographic name as entry element Short stories.
9 (RLIN) 58578
942 ## - ADDED ENTRY ELEMENTS (KOHA)
Source of classification or shelving scheme Dewey Decimal Classification
Koha item type Books
Holdings
Lost status Source of classification or shelving scheme Damaged status Not for loan Collection code Permanent Location Current Location Shelving location Date acquired Source of acquisition Cost, normal purchase price Total Checkouts Full call number Date last seen Copy number Koha item type
  Dewey Decimal Classification   Not For Loan Fiction Central Library, University of Rajshahi Central Library, University of Rajshahi Reading Room 10/03/1964 Zeitlinger 18.00   823.91 AMM 1962 23/02/2014 C-1 Books